Anatomy - Circle of Willis - Statistics

General Stats
  • This quiz has been taken 15 times
  • The average score is 7 of 11
Answer Stats
Answer % Correct
Middle cerebral
100%
Posterior cerebral
91%
Anterior cerebral
82%
Anterior communicating
82%
Vertebral
73%
Internal carotid
64%
Basilar
55%
Anterior inferior cerebellar
45%
Posterior inferior cerebellar
45%
Superior cerebellar
45%
Ophthalmic
18%
No matching quizzes found
Score Distribution
Percent of People with Each Score
Percentile by Number Answered
Your Score History
You have not taken this quiz